[Event "C.to Provinciale CA"]
[Site "Sinnai ITA"]
[Date "2001.01.27"]
[Round "5"]
[White "Pilia, Piero"]
[Black "Boi, Giuseppe"]
[Result "1-0"]
[WhiteElo "1669"]
[BlackElo "1509"]
[PlyCount "73"]
[EventDate "2001.01.20"]

1. d4 d5 2. Nf3 Nf6 3. Nc3 e6 4. Bg5 Be7 5. e3 Nbd7 6. Bd3 Bb4 7. O-O c5 8. a3
Bxc3 9. bxc3 c4 10. Be2 Qa5 11. Nd2 Qxc3 12. Bf3 Rb8 13. Bf4 Ra8 14. Bd6 Qa5
15. a4 Qd8 16. c3 Nb6 17. Bc5 Bd7 18. e4 Bc6 19. e5 Ng8 20. Bh5 Ne7 21. Qf3 O-O
22. a5 Nbc8 23. Qh3 Qd7 24. Nf3 a6 25. Bg4 h6 26. Nh4 Na7 27. f4 g6 28. Bd1 Kg7
29. Bc2 Nb5 30. Bxe7 Qxe7 31. f5 exf5 32. Bxf5 Nxc3 33. Rae1 Ne4 34. Bxe4 dxe4
35. Rf6 Qd7 36. Qg3 Qxd4+ 37. Kh1 1-0

[Event "C.to Provinciale CA"]
[Site "Sinnai ITA"]
[Date "2001.01.27"]
[Round "5"]
[White "Putzolu, Marcello"]
[Black "Corona, Danilo"]
[Result "1-0"]
[WhiteElo "1615"]
[BlackElo "1566"]
[PlyCount "119"]
[EventDate "2001.01.20"]

1. d4 d5 2. c4 e6 3. Nc3 Nf6 4. Bg5 Nbd7 5. e3 c6 6. Nf3 Qa5 7. Bd3 dxc4 8. Bc2
Nd5 9. O-O Be7 10. Bxe7 Nxe7 11. Qe2 b5 12. a4 Qb6 13. Be4 Nd5 14. axb5 N7f6
15. Qxc4 Nxe4 16. Nxe4 cxb5 17. Qc5 Qxc5 18. Nxc5 Ke7 19. Ne5 Nb6 20. Nc6+ Kd6
21. Nxa7 b4 22. Nxc8+ Rhxc8 23. Rfc1 Rxa1 24. Rxa1 Ra8 25. Rxa8 Nxa8 26. Nd3
Kd5 27. Nxb4+ Kc4 28. Nc6 f6 29. e4 Nc7 30. f3 Nb5 31. Kf2 Kb3 32. Ke3 Kxb2 33.
Nd8 Nc7 34. Kf4 Kc3 35. Nc6 Kc4 36. g4 Nb5 37. Ke3 Nc7 38. f4 Kb5 39. Ne7 Kc4
40. f5 e5 41. dxe5 fxe5 42. Nc6 Kc5 43. Nxe5 Kd6 44. Nc4+ Kc5 45. Nd2 Nb5 46.
h4 Nc7 47. h5 h6 48. g5 Kd6 49. gxh6 gxh6 50. Kf4 Ne8 51. Nf3 Ng7 52. Kg4 Ke7
53. e5 Ne8 54. Ng5 Kf8 55. Ne6+ Kf7 56. Nd8+ Kf8 57. f6 Nc7 58. Kf5 Kg8 59. Kg6
Nd5 60. f7+ 1-0

[Event "C.to Provinciale CA"]
[Site "Sinnai ITA"]
[Date "2001.01.27"]
[Round "5"]
[White "Scarteddu, Marco"]
[Black "Cerioni, Armando"]
[Result "1-0"]
[WhiteElo "1615"]
[BlackElo "1413"]
[PlyCount "51"]
[EventDate "2001.01.20"]

1. d4 Nf6 2. Nf3 d5 3. c4 c6 4. Nc3 e6 5. Bg5 dxc4 6. a4 h6 7. Bh4 Bb4 8. e3
Qa5 9. Qc2 b5 10. Bxf6 gxf6 11. Be2 Bxc3+ 12. bxc3 Qc7 13. O-O Nd7 14. Rfb1 Rb8
15. Nh4 a6 16. a5 Bb7 17. e4 c5 18. Rd1 cxd4 19. Rxd4 Nc5 20. Rad1 Ke7 21. f3
Rbd8 22. g3 Rxd4 23. cxd4 Nb3 24. d5 e5 25. d6+ Qxd6 26. Nf5+ 1-0

[Event "C.to Provinciale CA"]
[Site "Sinnai ITA"]
[Date "2001.01.27"]
[Round "5"]
[White "Trincas, Claudio"]
[Black "Giannoni, Federico"]
[Result "0-1"]
[WhiteElo "1603"]
[BlackElo "1750"]
[PlyCount "88"]
[EventDate "2001.01.20"]

1. c4 Nf6 2. Nc3 g6 3. g3 Bg7 4. Bg2 d6 5. d4 O-O 6. e4 c6 7. Nge2 e5 8. d5 Qc7
9. O-O Nbd7 10. a3 a5 11. Bd2 Nc5 12. b4 axb4 13. axb4 Rxa1 14. Qxa1 Nb3 15.
Qa2 Nxd2 16. Qxd2 cxd5 17. cxd5 Qc4 18. b5 Bg4 19. f3 Bd7 20. Rb1 Rc8 21. Bf1
Qc5+ 22. Kg2 Nh5 23. Na4 Qc2 24. Qxc2 Rxc2 25. Nac3 Bh6 26. Kf2 Bd2 27. Rb3 f5
28. Bh3 Nf6 29. Kf1 Kf7 30. Kf2 Ke7 31. Kg2 Bxc3 32. Rxc3 Rxe2+ 33. Kg1 Rb2 34.
Rc7 Kd8 35. Rxb7 Rxb5 36. Ra7 fxe4 37. Bxd7 Nxd7 38. fxe4 Rb4 39. Ra8+ Ke7 40.
Kf2 Rxe4 41. Ra5 h5 42. h3 Rd4 43. Ke3 Nb6 44. Ra7+ Kf6 0-1

[Event "C.to Provinciale CA"]
[Site "Sinnai ITA"]
[Date "2001.01.28"]
[Round "6"]
[White "Abis, Mariano"]
[Black "Putzolu, Marcello"]
[Result "0-1"]
[WhiteElo "1500"]
[BlackElo "1615"]
[PlyCount "74"]
[EventDate "2001.01.20"]

1. d4 Nf6 2. e3 d5 3. Nf3 Bg4 4. c4 e6 5. Nc3 c6 6. Bd3 Bb4 7. a3 Bxc3+ 8. bxc3
Qa5 9. Bd2 Ne4 10. O-O Nxd2 11. Qxd2 Bxf3 12. gxf3 dxc4 13. Bxc4 h5 14. Kh1 Qf5
15. Be2 Rh6 16. Rg1 Rg6 17. c4 Rxg1+ 18. Rxg1 Qf6 19. d5 cxd5 20. cxd5 exd5 21.
Qxd5 Nc6 22. Qc5 Qe5 23. Rc1 Qxc5 24. Rxc5 Rd8 25. Bb5 Rd6 26. e4 a6 27. Bc4 f6
28. Bd5 Ke7 29. Kg2 Kd7 30. Bf7 Ne7 31. Kg3 Rc6 32. Rxc6 bxc6 33. Kf4 c5 34. e5
fxe5+ 35. Kxe5 Kc6 36. a4 g6 37. Ke6 37... Nf5 {...} 0-1

[Event "C.to Provinciale CA"]
[Site "Sinnai ITA"]
[Date "2001.01.28"]
[Round "6"]
[White "Abis, Roberto"]
[Black "Collu, Giuseppe"]
[Result "1-0"]
[WhiteElo "1581"]
[BlackElo "1503"]
[PlyCount "81"]
[EventDate "2001.01.20"]

1. e4 Nc6 2. Nf3 e5 3. Bb5 d6 4. d4 exd4 5. Nxd4 Bd7 6. O-O a6 7. Bc4 Nf6 8.
Re1 Be7 9. Nf5 O-O 10. Bg5 Na5 11. Bd3 b6 12. e5 dxe5 13. Rxe5 Bxf5 14. Rxf5
Ne4 15. Bxe7 Qxe7 16. Nd2 Nxd2 17. Qxd2 g6 18. Rf3 c5 19. Re1 Qd6 20. Qh6 Qd4
21. c3 Qg7 22. Qe3 Nc6 23. Bc4 Ra7 24. Qg5 h6 25. Qd5 Ne7 26. Qd6 Nc8 27. Qc6
b5 28. Bd3 c4 29. Bc2 Kh7 30. Qc5 Rd8 31. Rfe3 Rad7 32. h4 Rd2 33. R3e2 Qf6 34.
h5 R2d5 35. hxg6+ fxg6 36. Qc7+ R5d7 37. Qg3 Kg7 38. Re6 Rf8 39. Rxf6 Rxf6 40.
Rd1 Rdf7 41. Rd8 1-0

[Event "C.to Provinciale CA"]
[Site "Sinnai ITA"]
[Date "2001.01.28"]
[Round "6"]
[White "Boi, Giuseppe"]
[Black "Clementini, Lorenzo"]
[Result "0-1"]
[WhiteElo "1509"]
[BlackElo "1820"]
[PlyCount "78"]
[EventDate "2001.01.20"]

1. e4 e5 2. Nf3 f5 3. d3 Nc6 4. Nc3 Nf6 5. a3 Bc5 6. Be3 Bxe3 7. fxe3 d6 8.
exf5 Bxf5 9. e4 Bg4 10. Be2 O-O 11. Qd2 Bxf3 12. Bxf3 Nd4 13. Rf1 c5 14. Ne2
Rc8 15. b3 b5 16. Nxd4 cxd4 17. Rf2 Rc3 18. Kf1 Qc7 19. Kg1 Rc8 20. Ra2 a5 21.
Bd1 a4 22. b4 Qf7 23. Ra1 Qg6 24. Rf5 h6 25. h3 Rf8 26. Qf2 Re8 27. Qh4 Rec8
28. g4 Nh7 29. Kh2 Rf8 30. Qg3 Rxf5 31. exf5 Qg5 32. Qf2 Nf6 33. Bf3 Qf4+ 34.
Kh1 d5 35. Kg2 e4 36. dxe4 dxe4 37. Bd1 Qxf2+ 38. Kxf2 Rc6 39. Be2 Rxc2 0-1

[Event "C.to Provinciale CA"]
[Site "Sinnai ITA"]
[Date "2001.01.28"]
[Round "6"]
[White "Giannoni, Federico"]
[Black "Stefanini, Simone"]
[Result "1-0"]
[WhiteElo "1750"]
[BlackElo "1603"]
[PlyCount "107"]
[EventDate "2001.01.20"]

1. d4 d5 2. c4 c6 3. Nf3 Nf6 4. e3 e6 5. Nc3 Nbd7 6. Qc2 a6 7. a3 dxc4 8. Bxc4
b5 9. Be2 Bb7 10. O-O c5 11. Rd1 Qb6 12. b3 Rc8 13. Qb2 Qc6 14. Bd2 cxd4 15.
exd4 Ne4 16. Nxe4 Qxe4 17. Bc3 Bxa3 18. Rxa3 b4 19. Bxb4 Rc2 20. Qb1 Qxe2 21.
Rd2 Rxd2 22. Nxd2 Qg4 23. Qf1 Qxd4 24. Nc4 Nc5 25. Ra1 Bxg2 26. Bxc5 Qxc5 27.
Qxg2 O-O 28. Rxa6 Qd4 29. Ne3 Qd3 30. Qb7 Qg6+ 31. Qg2 Qb1+ 32. Nf1 Qxb3 33.
Ra8 Rb8 34. Rxb8+ Qxb8 35. Qc6 h6 36. Ng3 Qb1+ 37. Kg2 Qg6 38. Qc8+ Kh7 39. Qc5
f5 40. Qe5 h5 41. h4 Qf7 42. Qf4 g6 43. f3 Qf6 44. Qc7+ Kh6 45. Qc1+ f4 46. Ne2
e5 47. Qc8 g5 48. hxg5+ Qxg5+ 49. Kf1 Qf6 50. Nc3 h4 51. Ne4 Qe7 52. Qh8+ Kg6
53. Qg8+ Kf5 54. Qg4# 1-0

[Event "C.to Provinciale CA"]
[Site "Sinnai ITA"]
[Date "2001.01.28"]
[Round "6"]
[White "Ibba, Isacco"]
[Black "Caddeo, Narciso"]
[Result "0-1"]
[WhiteElo "1864"]
[BlackElo "1546"]
[PlyCount "75"]
[EventDate "2001.01.20"]

1. e4 c5 2. b4 b6 3. Nf3 d6 4. Bc4 e6 5. O-O Nf6 6. Qe2 Be7 7. d4 cxd4 8. Nxd4
O-O 9. f4 d5 10. Bd3 dxe4 11. Bc4 Qxd4+ 12. Kh1 Qxa1 13. c3 Qxb1 14. Bb2 Qxf1+
15. Qxf1 a5 16. Qe1 Ba6 17. b5 Bb7 18. Be2 Nd5 19. c4 Nxf4 20. Qg3 Ng6 21. Qc7
Bc8 22. Qxb6 Bf6 23. Ba3 Rd8 24. g3 Ne5 25. c5 Rd2 26. c6 Rxe2 27. Bd6 Re1+ 28.
Kg2 Nc4 29. Qc7 Nxd6 30. b6 Nxc6 31. Qxc6 Bb7 32. Qxd6 e3+ 33. Kh3 Rd8 34. Qc7
Ba6 35. Qa7 Bf1+ 36. Kg4 Be2+ 37. Kf4 Rd4+ 38. Kxe3 0-1

[Event "C.to Provinciale CA"]
[Site "Sinnai ITA"]
[Date "2001.01.28"]
[Round "6"]
[White "Pili, Erika"]
[Black "Lobina, Giulio"]
[Result "1-0"]
[WhiteElo "1606"]
[BlackElo "1470"]
[PlyCount "89"]
[EventDate "2001.01.20"]

1. e4 e5 2. Nf3 Nc6 3. Bc4 h6 4. Nc3 Bc5 5. d3 Nf6 6. a3 a6 7. O-O d6 8. h3 Qe7
9. Nh2 Be6 10. Nd5 Bxd5 11. exd5 Na7 12. c3 b5 13. Ba2 O-O 14. Be3 Bxe3 15.
fxe3 Rac8 16. e4 c6 17. dxc6 Nxc6 18. Rf3 Nd8 19. Rg3 Ne6 20. Ng4 Nxg4 21. Qxg4
Qg5 22. Bxe6 Qxg4 23. Bxg4 Rc7 24. Rf1 Re7 25. Bd1 Rb7 26. Bb3 a5 27. Rf6 Kh7
28. Rxd6 f5 29. exf5 Rxf5 30. Bd5 Rff7 31. Bxb7 Rxb7 32. Re6 b4 33. axb4 axb4
34. Rxe5 bxc3 35. bxc3 g5 36. c4 Kg6 37. Rf3 Rb1+ 38. Kf2 Rb2+ 39. Ke3 Rxg2 40.
c5 Kh5 41. c6 Rc2 42. Re6 Rc5 43. d4 Rc3+ 44. Ke4 Rxf3 45. Kxf3 1-0

[Event "C.to Provinciale CA"]
[Site "Sinnai ITA"]
[Date "2001.01.28"]
[Round "6"]
[White "Pilia, Piero"]
[Black "Scarteddu, Marco"]
[Result "1-0"]
[WhiteElo "1669"]
[BlackElo "1615"]
[PlyCount "113"]
[EventDate "2001.01.20"]

1. Nf3 Nf6 2. d4 g6 3. c4 d5 4. Nc3 Bg7 5. e3 O-O 6. Be2 c6 7. O-O Ne4 8. Qb3
dxc4 9. Bxc4 Nd6 10. Bd3 Be6 11. Qc2 Nd7 12. Ng5 Bc4 13. Bxc4 Nxc4 14. b3 Ncb6
15. Ba3 Re8 16. Rad1 h6 17. Nf3 Rc8 18. e4 e5 19. dxe5 Bxe5 20. Nxe5 Rxe5 21.
Bd6 Re6 22. Qd2 g5 23. Qd4 Qf6 24. Qxf6 Nxf6 25. f3 Rd8 26. Bc7 Rxd1 27. Rxd1
Nfd7 28. Na4 Nxa4 29. Rxd7 Nc5 30. Rd8+ Kg7 31. Bb8 a5 32. Ba7 Na6 33. Bd4+ f6
34. Rd7+ Kg6 35. Rxb7 Rd6 36. Bc3 Nc5 37. Rb6 a4 38. b4 Rd1+ 39. Kf2 Rc1 40.
Bd2 Rc2 41. Ke3 Nb3 42. axb3 axb3 43. Kd3 Ra2 44. Bc3 Rxg2 45. Rxc6 b2 46.
Rxf6+ Kh5 47. Bxb2 Rxb2 48. Kc3 Rxh2 49. e5 Rh3 50. e6 g4 51. e7 Kg5 52. Rg6+
Kxg6 53. e8=Q+ Kf6 54. Qd8+ Kg6 55. Qd2 Kf6 56. Qf4+ Ke7 57. Qxg4 1-0

[Event "C.to Provinciale CA"]
[Site "Sinnai ITA"]
[Date "2001.01.28"]
[Round "6"]
[White "Sanfilippo, Carlo"]
[Black "Cerioni, Armando"]
[Result "1-0"]
[WhiteElo "1533"]
[BlackElo "1413"]
[PlyCount "55"]
[EventDate "2001.01.20"]

1. e4 a6 2. d4 b5 3. c4 Bb7 4. cxb5 Bxe4 5. Nc3 Bb7 6. Nf3 e6 7. Bg5 Be7 8.
Bxe7 Qxe7 9. Rc1 Qf6 10. Bd3 Bxf3 11. Qxf3 Qxf3 12. gxf3 Ke7 13. Be4 d5 14.
Bxd5 exd5 15. Nxd5+ Kd6 16. Nxc7 Ra7 17. Nxa6 Nxa6 18. Rc6+ Kd7 19. Rxa6 Rxa6
20. bxa6 Kc7 21. Rg1 g6 22. Rg5 Kb6 23. Rd5 Kxa6 24. Rd8 Kb5 25. Kd2 Kc6 26. a4
Kc7 27. Rf8 Kb6 28. b4 1-0

[Event "C.to Provinciale CA"]
[Site "Sinnai ITA"]
[Date "2001.01.28"]
[Round "6"]
[White "Santilli, Enrico"]
[Black "Cirina, Gianluca"]
[Result "1/2-1/2"]
[WhiteElo "1729"]
[BlackElo "1690"]
[PlyCount "48"]
[EventDate "2001.01.20"]

1. d4 Nf6 2. Bg5 Ne4 3. Bh4 g5 4. f3 d6 5. fxe4 gxh4 6. e3 c5 7. Bc4 Qa5+ 8.
Nc3 cxd4 9. exd4 Nc6 10. Nf3 Bg4 11. O-O f6 12. h3 Bd7 13. a3 Qh5 14. Ne5 Qxd1
15. Bf7+ Kd8 16. Nxc6+ bxc6 17. Raxd1 Bh6 18. e5 Rf8 19. Bb3 d5 20. Na4 f5 21.
Nc5 e6 22. Rd3 Rb8 23. Rdf3 Ke7 24. Nd3 Be8 1/2-1/2

[Event "C.to Provinciale CA"]
[Site "Sinnai ITA"]
[Date "2001.01.28"]
[Round "7"]
[White "Caddeo, Narciso"]
[Black "Santilli, Enrico"]
[Result "1/2-1/2"]
[WhiteElo "1546"]
[BlackElo "1729"]
[PlyCount "65"]
[EventDate "2001.01.20"]

1. Nf3 Nc6 2. g3 e5 3. e4 d6 4. Bg2 Be7 5. O-O h5 6. h4 Bg4 7. d3 Nd4 8. c3
Nxf3+ 9. Bxf3 Qd7 10. Bxg4 hxg4 11. f3 Bxh4 12. gxh4 g3 13. Kg2 Nf6 14. Rh1 Nh5
15. Be3 f5 16. Bg5 Qb5 17. Qb3 Qd7 18. Nd2 f4 19. Rad1 Nf6 20. Bxf6 gxf6 21. d4
O-O-O 22. d5 Rh5 23. Rh3 Qh7 24. Rdh1 Rh8 25. Nc4 f5 26. Qc2 Qe7 27. exf5 Qf7
28. Nd2 Qxd5 29. Ne4 Qf7 30. Ng5 Qf6 31. c4 Re8 32. c5 d5 33. b4 1/2-1/2

[Event "C.to Provinciale CA"]
[Site "Sinnai ITA"]
[Date "2001.01.28"]
[Round "7"]
[White "Caredda, Giuseppe"]
[Black "Boi, Giuseppe"]
[Result "0-1"]
[WhiteElo "1558"]
[BlackElo "1509"]
[PlyCount "98"]
[EventDate "2001.01.20"]

1. d4 d5 2. c4 Nf6 3. Nc3 Nc6 4. Nf3 e6 5. Bg5 Bb4 6. a3 Be7 7. e3 h6 8. Bh4 g5
9. Bg3 a6 10. b4 dxc4 11. Bxc4 b5 12. Bd3 Nxb4 13. axb4 Bxb4 14. Qc2 Nd5 15.
Bxb5+ Bd7 16. Bxd7+ Qxd7 17. Ne5 Bxc3+ 18. Qxc3 Nxc3 19. Nxd7 Kxd7 20. Rc1 Nb5
21. Be5 Rhg8 22. Ke2 Rg6 23. Rhd1 f6 24. Bg3 Nd6 25. d5 exd5 26. Rxd5 Ke6 27.
Rdc5 Rg7 28. Rc6 a5 29. e4 a4 30. R1c5 Rf7 31. e5 fxe5 32. Rxe5+ Kd7 33. Rec5
Re7+ 34. Kd3 Ra7 35. h4 a3 36. Rc1 a2 37. Bxd6 cxd6 38. hxg5 a1=Q 39. gxh6 Ra3+
40. R6c3 Rxc3+ 41. Rxc3 Qxc3+ 42. Kxc3 Rh7 43. g4 Rxh6 44. Kd4 Ke6 45. f4 Rh4
46. f5+ Kd7 47. Kd5 Rxg4 48. f6 Rf4 49. f7 Rxf7 0-1

[Event "C.to Provinciale CA"]
[Site "Sinnai ITA"]
[Date "2001.01.28"]
[Round "7"]
[White "Cerina, Antonio"]
[Black "Ponti, Mario"]
[Result "0-1"]
[WhiteElo "1329"]
[BlackElo "1582"]
[PlyCount "44"]
[EventDate "2001.01.20"]

1. e4 e5 2. f4 d6 3. Nf3 Nc6 4. fxe5 dxe5 5. Bb5 Bd7 6. O-O Nf6 7. d3 Bc5+ 8.
d4 exd4 9. h3 O-O 10. Bg5 Re8 11. Bxc6 Bxc6 12. e5 Bxf3 13. Qxf3 Rxe5 14. Qg3
Re6 15. Nd2 h6 16. Ne4 Nxe4 17. Qf3 Nxg5 18. Qf5 Qd6 19. h4 g6 20. Qg4 Re4 21.
Qd1 d3+ 22. Kh1 Rxh4# 0-1

[Event "C.to Provinciale CA"]
[Site "Sinnai ITA"]
[Date "2001.01.28"]
[Round "7"]
[White "Cerioni, Armando"]
[Black "Corona, Danilo"]
[Result "0-1"]
[WhiteElo "1413"]
[BlackElo "1566"]
[PlyCount "44"]
[EventDate "2001.01.20"]

1. e4 d5 2. exd5 Nf6 3. c4 e6 4. dxe6 Bxe6 5. Nf3 Nc6 6. b3 Bc5 7. Ba3 Qe7 8.
Bxc5 Qxc5 9. d4 Qe7 10. Qe2 O-O-O 11. d5 Qb4+ 12. Qd2 Rhe8 13. Be2 Bf5 14. Kf1
Ne4 15. Qxb4 Nxb4 16. Nbd2 Nc3 17. Nd4 Bg6 18. Bg4+ Kb8 19. a3 Bd3+ 20. Ne2 Nc2
21. Rc1 Nxe2 22. Bxe2 Rxe2 0-1

[Event "C.to Provinciale CA"]
[Site "Sinnai ITA"]
[Date "2001.01.28"]
[Round "7"]
[White "Cirina, Gianluca"]
[Black "Pilia, Piero"]
[Result "1/2-1/2"]
[WhiteElo "1690"]
[BlackElo "1669"]
[PlyCount "44"]
[EventDate "2001.01.20"]

1. e4 g6 2. d4 d6 3. Be3 Bg7 4. Nf3 Nf6 5. Nc3 O-O 6. Be2 e5 7. Qd2 Ng4 8. Bg5
f6 9. Bc4+ Kh8 10. Be3 Nxe3 11. fxe3 f5 12. exf5 e4 13. Ng1 Bxf5 14. O-O-O c6
15. h4 d5 16. Be2 h6 17. g4 Be6 18. Qe1 Nd7 19. Nh3 Nf6 20. Qg3 Nh7 21. Nf4 Bf7
22. g5 Rg8 1/2-1/2

[Event "C.to Provinciale CA"]
[Site "Sinnai ITA"]
[Date "2001.01.28"]
[Round "7"]
[White "Clementini, Lorenzo"]
[Black "Abis, Josto"]
[Result "1-0"]
[WhiteElo "1820"]
[BlackElo "1512"]
[PlyCount "73"]
[EventDate "2001.01.20"]

1. e4 e5 2. f4 Qh4+ 3. g3 Qe7 4. fxe5 Qxe5 5. Nc3 Nf6 6. d4 Qa5 7. Bd2 Bb4 8.
Bd3 d6 9. Nf3 Bg4 10. h3 Qh5 11. Be2 Bxc3 12. Bxc3 Nxe4 13. Qd3 Nxc3 14. Qxc3
O-O 15. O-O-O Bxf3 16. Bxf3 Qg5+ 17. Kb1 c6 18. g4 Nd7 19. h4 Qf6 20. g5 Qf4
21. Rdf1 Qg3 22. Rfg1 Qf4 23. Rg4 Qf5 24. h5 Rfe8 25. g6 fxg6 26. hxg6 h6 27.
Qb3+ d5 28. Rgg1 Nb6 29. a4 Re7 30. Bh5 Nc4 31. Qb4 Ree8 32. Rf1 Qg5 33. Ka2 b6
34. Rf7 a5 35. Qb3 Red8 36. Qf3 Qc1 37. Rxg7+ 1-0

[Event "C.to Provinciale CA"]
[Site "Sinnai ITA"]
[Date "2001.01.28"]
[Round "7"]
[White "Collu, Giuseppe"]
[Black "Lobina, Giulio"]
[Result "0-1"]
[WhiteElo "1503"]
[BlackElo "1470"]
[PlyCount "118"]
[EventDate "2001.01.20"]

1. e4 e5 2. Nf3 Nc6 3. d4 exd4 4. Nxd4 Nxd4 5. Qxd4 Qe7 6. Bc4 c5 7. Qd3 Qe5 8.
O-O Bd6 9. f4 Qd4+ 10. Qxd4 cxd4 11. e5 Bc5 12. Bd3 f6 13. b3 b6 14. Ba3 Bb7
15. Bxc5 bxc5 16. Na3 O-O-O 17. Nc4 Kb8 18. Nd6 Nh6 19. Nxb7 Kxb7 20. exf6 g6
21. b4 d6 22. bxc5 dxc5 23. Rab1+ Kc7 24. Rb5 Kd6 25. Bc4 Ng4 26. Re1 Ne3 27.
Be2 Rhf8 28. Rb7 Rd7 29. Rxd7+ Kxd7 30. Rc1 Rxf6 31. g3 Rb6 32. c4 Rb2 33. Kf2
Ng4+ 34. Ke1 h5 35. h3 Ne3 36. Bd3 Rg2 37. Bxg6 Rxg3 38. Bxh5 Rxh3 39. Bg6 Rf3
40. f5 Kc7 41. Ke2 Rg3 42. a4 Rg5 43. Kd3 Nxf5 44. Bxf5 Rxf5 45. Ke4 Rf2 46.
Kd5 Rf5+ 47. Ke4 Rh5 48. Rf1 Kb6 49. Rb1+ Ka5 50. Kd3 Rh3+ 51. Ke4 a6 52. Kd5
Rh5+ 53. Kc6 Kxa4 54. Kb6 Ka3 55. Kxa6 Rh3 56. Rb5 Rh5 57. Kb6 Ka2 58. Ra5+ Kb3
59. Kb5 d3 0-1

[Event "C.to Provinciale CA"]
[Site "Sinnai ITA"]
[Date "2001.01.28"]
[Round "7"]
[White "Enis, Aldo"]
[Black "Sanfilippo, Carlo"]
[Result "1/2-1/2"]
[WhiteElo "1504"]
[BlackElo "1533"]
[PlyCount "71"]
[EventDate "2001.01.20"]

1. d4 Nf6 2. c4 g6 3. Nc3 d5 4. cxd5 Nxd5 5. e4 Nxc3 6. bxc3 Bg7 7. Nf3 O-O 8.
Bc4 Bg4 9. O-O c5 10. Be3 cxd4 11. cxd4 Nc6 12. e5 Bxf3 13. gxf3 Rc8 14. Qd2
Nxe5 15. Be2 Nc4 16. Bxc4 Rxc4 17. Rad1 Qd5 18. Qe2 Rfc8 19. Bf4 Rxd4 20. Rxd4
Qxd4 21. Bg3 e6 22. Rd1 Qa4 23. Rd2 h5 24. h4 Bf6 25. f4 Rc1+ 26. Kh2 Qc6 27.
f3 Rc3 28. Kg2 Kh7 29. Bf2 e5 30. fxe5 Bxe5 31. Qxe5 Qxf3+ 32. Kg1 Rc1+ 33. Be1
Rc4 34. Qh2 Rg4+ 35. Rg2 Qe3+ 36. Kf1 1/2-1/2

[Event "C.to Provinciale CA"]
[Site "Sinnai ITA"]
[Date "2001.01.28"]
[Round "7"]
[White "Monni, Vittorio"]
[Black "Giannoni, Federico"]
[Result "1/2-1/2"]
[WhiteElo "1729"]
[BlackElo "1750"]
[PlyCount "84"]
[EventDate "2001.01.20"]

1. e4 c5 2. Nf3 Nc6 3. Be2 d6 4. O-O Nf6 5. Nc3 g6 6. d4 cxd4 7. Nxd4 Bg7 8.
Nxc6 bxc6 9. f4 Qb6+ 10. Kh1 O-O 11. h3 a5 12. Rf3 Ba6 13. Rb1 Bxe2 14. Qxe2
Nd7 15. Be3 Qa6 16. Qd2 Qc4 17. e5 d5 18. b3 Qb4 19. Qd3 Nc5 20. Bxc5 Qxc5 21.
Na4 Qb4 22. Rd1 e6 23. Qc3 c5 24. Qxc5 Qxc5 25. Nxc5 Rfc8 26. Rc3 Bf8 27. Na4
Rxc3 28. Nxc3 Rc8 29. Rd3 Bb4 30. Nd1 Rxc2 31. a4 Rd2 32. Rxd2 Bxd2 33. g3 Kf8
34. Kg2 Ke7 35. Kf3 Kd7 36. Ke2 Bb4 37. Nf2 h5 38. Nd3 Be7 39. Ke3 Kc6 40. Kd4
Ba3 41. g4 hxg4 42. hxg4 Be7 1/2-1/2

[Event "C.to Provinciale CA"]
[Site "Sinnai ITA"]
[Date "2001.01.28"]
[Round "7"]
[White "Putzolu, Marcello"]
[Black "Ibba, Isacco"]
[Result "0-1"]
[WhiteElo "1615"]
[BlackElo "1864"]
[PlyCount "78"]
[EventDate "2001.01.20"]

1. d4 Nf6 2. c4 c5 3. Nf3 e6 4. Bg5 h6 5. Bh4 g5 6. Bg3 g4 7. Nh4 cxd4 8. Bxb8
Bb4+ 9. Nd2 Ne4 10. Bf4 Qxh4 11. g3 Qf6 12. a3 Bxd2+ 13. Qxd2 Nxd2 14. Bxd2 b5
15. cxb5 Bb7 16. Rg1 h5 17. e3 dxe3 18. Bxe3 Qxb2 19. Rc1 d5 20. Bd3 Qxa3 21.
Kd2 Qb4+ 22. Ke2 d4 23. Bd2 Bf3+ 24. Ke1 Qd6 25. Bf4 e5 26. Bd2 h4 27. Rb1 hxg3
28. hxg3 e4 29. Bc4 e3 30. fxe3 Rh1 31. Kf2 Rh2+ 32. Ke1 dxe3 33. Bxe3 O-O-O
34. Bf2 Qb4+ 35. Kf1 Qxc4+ 36. Ke1 Qc3+ 37. Kf1 Qd3+ 38. Ke1 Qd2+ 39. Kf1 Be2#
0-1

[Event "C.to Provinciale CA"]
[Site "Sinnai ITA"]
[Date "2001.01.28"]
[Round "7"]
[White "Scarteddu, Marco"]
[Black "Pili, Erika"]
[Result "1/2-1/2"]
[WhiteElo "1615"]
[BlackElo "1606"]
[PlyCount "45"]
[EventDate "2001.01.20"]

1. Nf3 d5 2. d4 Bf5 3. c4 c6 4. Nc3 Nf6 5. e3 e6 6. Bd3 Bxd3 7. Qxd3 Bd6 8. c5
Bc7 9. O-O Nbd7 10. b4 a6 11. Bb2 O-O 12. a4 b5 13. a5 h6 14. Ne2 Nh7 15. Nf4
Ndf6 16. Ne5 Nd7 17. Nxc6 Qe8 18. Ne5 g5 19. Nh5 f5 20. Qe2 Nhf6 21. Nxf6+ Rxf6
22. f4 g4 23. g3 1/2-1/2

[Event "C.to Provinciale CA"]
[Site "Sinnai ITA"]
[Date "2001.01.28"]
[Round "7"]
[White "Stefanini, Simone"]
[Black "Abis, Roberto"]
[Result "0-1"]
[WhiteElo "1603"]
[BlackElo "1581"]
[PlyCount "102"]
[EventDate "2001.01.20"]

1. f4 e5 2. e4 d5 3. exd5 Qxd5 4. Nc3 Qe6 5. fxe5 Qxe5+ 6. Qe2 Qxe2+ 7. Bxe2
Bf5 8. Nd5 Bd6 9. Ne3 Be4 10. d3 Bc6 11. Nf3 Ne7 12. Nc4 Nf5 13. Nxd6+ Nxd6 14.
O-O Nd7 15. Nd4 O-O-O 16. Nxc6 bxc6 17. Bd2 Rhe8 18. Rae1 f6 19. c3 Nc5 20. b4
Na4 21. Bd1 Rxe1 22. Rxe1 Nb6 23. Bf3 Kb7 24. Re6 a6 25. Be3 Re8 26. Rxe8 Nxe8
27. c4 Nd7 28. d4 Nd6 29. d5 cxd5 30. c5 Ne4 31. Bg4 Ne5 32. Be2 Nc3 33. c6+
Nxc6 34. Bd3 Nxb4 35. Bxh7 d4 36. Bd2 Nbxa2 37. Kf2 c5 38. Kf3 Nb4 39. Kg4 a5
40. Kh5 a4 41. Bc1 d3 42. Bd2 Nb1 43. Bxb4 cxb4 44. Bxd3 Nc3 45. Kg6 b3 46.
Kxg7 a3 47. h4 a2 48. h5 a1=Q 49. h6 f5 50. Bxf5 Ne4+ 51. Kg6 Qf6+ 0-1

[Event "C.to Provinciale CO"]
[Site "Como ITA"]
[Date "2001.01.12"]
[Round "1"]
[White "Buonocore, Elio"]
[Black "Caprioglio, Marco"]
[Result "1-0"]
[WhiteElo "2091"]
[BlackElo "1528"]
[PlyCount "109"]
[EventDate "2001.01.12"]

1. e4 c5 2. c3 d6 3. d4 Nf6 4. Bd3 g6 5. Nf3 Bg7 6. O-O O-O 7. h3 cxd4 8. cxd4
Qb6 9. Nc3 a6 10. Be3 Qd8 11. Qd2 b5 12. e5 Ne8 13. Be4 Ra7 14. d5 Rb7 15. e6
Nc7 16. exf7+ Rxf7 17. Ng5 Rf8 18. Ne6 Qe8 19. Nxg7 Kxg7 20. Bh6+ Kg8 21. Bxf8
Qxf8 22. h4 Bf5 23. Bxf5 Qxf5 24. Rfe1 Ne8 25. Ne4 Nd7 26. Qg5 Qxg5 27. hxg5
Nb6 28. Nf6+ Kf7 29. Nxe8 Kxe8 30. Red1 Rc7 31. Rd2 Rc4 32. f3 Rf4 33. Kf2 Rf5
34. Rh1 Nxd5 35. Rxh7 Rxg5 36. Rh8+ Kd7 37. Ra8 Nc7 38. Rg8 Nd5 39. a3 b4 40.
Rd4 bxa3 41. bxa3 Nf6 42. Ra8 Ra5 43. Rd3 g5 44. Ra7+ Ke8 45. g3 Ra4 46. Rb7
Ra5 47. Rdb3 Nd7 48. Ra7 Nc5 49. Re3 e5 50. f4 gxf4 51. gxf4 e4 52. Rh3 Nd3+
53. Ke3 Rf5 54. Rh8+ Rf8 55. Ra8+ 1-0

[Event "C.to Provinciale CO"]
[Site "Como ITA"]
[Date "2001.01.12"]
[Round "1"]
[White "Coppola, Guido"]
[Black "Palimento, Paolo"]
[Result "1-0"]
[WhiteElo "1860"]
[BlackElo "1500"]
[PlyCount "67"]
[EventDate "2001.01.12"]

1. e4 e5 2. Nf3 Nc6 3. d4 exd4 4. Bc4 d6 5. Nxd4 Nf6 6. Nc3 Bd7 7. O-O Be7 8.
Re1 Ne5 9. Be2 c6 10. f4 Ng6 11. Bf3 O-O 12. e5 dxe5 13. fxe5 Ne8 14. Kh1 Nc7
15. Qd3 Ne6 16. Nf5 Bg5 17. Bxg5 Nxg5 18. Rad1 Nxf3 19. Qxf3 Qc7 20. Nd6 Be6
21. Qe4 Ne7 22. a3 Nd5 23. Ne2 g6 24. Nd4 c5 25. Nxe6 fxe6 26. Rf1 a6 27. c4
Nb6 28. Qg4 Rxf1+ 29. Rxf1 Qe7 30. Rf7 Rf8 31. Rxf8+ Kxf8 32. b3 Kg7 33. Qf3
Nd7 34. Qxb7 1-0

[Event "C.to Provinciale CO"]
[Site "Como ITA"]
[Date "2001.01.12"]
[Round "1"]
[White "Grassetto, Gilberto"]
[Black "Rossi, Giampiero"]
[Result "0-1"]
[WhiteElo "1543"]
[BlackElo "2174"]
[PlyCount "94"]
[EventDate "2001.01.12"]

1. d4 d5 2. Nf3 c6 3. c4 e6 4. e3 Nf6 5. Nc3 Nbd7 6. a3 Be7 7. Bd3 O-O 8. O-O
Qc7 9. c5 e5 10. dxe5 Nxe5 11. b4 Nxf3+ 12. Qxf3 Bg4 13. Qg3 Qxg3 14. hxg3 Rfe8
15. Bb2 Rad8 16. Rae1 Bc8 17. Ne2 Ng4 18. Nd4 Bf6 19. Bc1 Ne5 20. Bb1 g6 21. f3
a6 22. Kf2 h5 23. Ne2 Kg7 24. Bd2 Re7 25. Nd4 Rde8 26. Nc2 Nd3+ 27. Kg1 Nxe1
28. Rxe1 Bf5 29. Kf2 Bd3 30. a4 h4 31. gxh4 Bxh4+ 32. g3 Bf6 33. Na3 Bxb1 34.
Nxb1 Re6 35. Bc3 Bxc3 36. Nxc3 d4 37. Ne4 dxe3+ 38. Ke2 Rxe4 39. fxe4 Rxe4 40.
Rb1 f5 41. b5 axb5 42. axb5 cxb5 43. Rxb5 Re7 44. Rb3 Kf6 45. Rxe3 Rxe3+ 46.
Kxe3 Ke5 47. Kf3 g5 0-1